LIBRARY & INFORMATION CENTRE, KCAET, TAVANUR

ONLINE PUBLIC ACCESS CATALOGUE (OPAC)

Food process engineering vol-1 food processing systems / (Record no. 10527)

MARC details
000 -LEADER
fixed length control field 00496cam a2200181ua 4500
020 ## - INTERNATIONAL STANDARD BOOK NUMBER
ISBN 0 85334 896 0
041 ## - LANGUAGE CODE
Language code of text/sound track or separate title eng
082 ## - DEWEY DECIMAL CLASSIFICATION NUMBER
Classification number 664.02
Item number LIN/FO
100 ## - MAIN ENTRY--AUTHOR NAME
Personal name Linko, p .
245 ## - TITLE STATEMENT
Title Food process engineering vol-1 food processing systems /
260 ## - PUBLICATION, DISTRIBUTION, ETC. (IMPRINT)
Place of publication London :
Name of publisher Applied Science Publishers Ltd ,
Year of publication 1980.
300 ## - PHYSICAL DESCRIPTION
Number of Pages 967 :
Other physical details 506 ; .
700 1# - ADDED ENTRY--PERSONAL NAME
Personal name Malkki, Y .
700 1# - ADDED ENTRY--PERSONAL NAME
Personal name Olkku, J .
942 ## - ADDED ENTRY ELEMENTS (KOHA)
Koha item type Books
Holdings
Withdrawn status Lost status Damaged status Home library Current library Date acquired Full call number Accession Number Koha item type
      KAUAET KAUAET 27/03/1987 664.02 16289 Books
free website counter